Normal view MARC view

Entry Personal Name

Number of records used in: 1

001 - CONTROL NUMBER

  • control field: 12668

003 - CONTROL NUMBER IDENTIFIER

  • control field: OSt

005 - DATE AND TIME OF LATEST TRANSACTION

  • control field: 20211105133535.0

008 - FIXED-LENGTH DATA ELEMENTS

  • fixed length control field: 211105|| aca||aabn | a|a d

040 ## - CATALOGING SOURCE

  • Original cataloging agency: OSt
  • Transcribing agency: OSt

100 ## - HEADING--PERSONAL NAME

  • Personal name: Laustsen, S., ed

670 ## - SOURCE DATA FOUND

  • Source citation: Work cat.: (OSt): ESO/CERN Conference on Auxiliary Instrumentation for Large Telescopes Switzerland 1972 May 2-5 12667, Auxiliary instrumentation for large telescopes, 1972

Powered by Koha